000 00420nam a2200193Ia 4500
008 240510s9999 xx 000 0 und d
020 _a0000872590410
041 _aEng
082 _a621.043
082 _bL18
100 _aLAWSON J.L.
245 0 _aYAGI ANTENNA DESIGN
250 _a1st ed.
260 _bU.S.A. : AMERICAN RADIO
260 _c1986
650 _aELECTRONEICS
942 _2ddc
942 _cLBK
999 _c26178
_d26178
945 _a1
_bMadushi Gamage
_c1
_dMadushi Gamage